[Event "Provaglio op 27th"]
[Site "Provaglio"]
[Date "2010.12.10"]
[Round "7"]
[White "Bertoletti, Vincenzo"]
[Black "Cosmai, Emanuele"]
[Result "1-0"]
[WhiteElo "1737"]
[BlackElo "1467"]
[PlyCount "63"]
[EventDate "2010.10.29"]
[EventType "swiss"]
[EventRounds "8"]
[EventCountry "ITA"]
[SourceTitle "EXT 2015"]
[Source "ChessBase"]
[SourceDate "2014.11.20"]
[SourceVersion "1"]
[SourceVersionDate "2014.11.20"]
[SourceQuality "1"]

1. d4 f5 2. g3 Nf6 3. Bg2 g6 4. Nf3 Bg7 5. c3 e6 6. 0-0 b6 7. Bf4 Bb7 8. Nbd2 d6 9. Qb3 Qe7 10. Rfe1 Nbd7 11. Ng5 Nd5 12. Bxd5 Bxd5 13. Qc2 Bf6 14. Nh3 h5 15. e4 Bb7 16. exf5 gxf5 17. Nc4 0-0-0 18. Re2 Rde8 19. a4 Qf7 20. Bxd6 e5 21. Nxe5 Nxe5 22. Bxe5 Qd5 23. Qxf5+ Kb8 24. f3 Bxe5 25. Rxe5 Rxe5 26. Qxe5 Qxf3 27. Qxh8+ Bc8 28. Rf1 Qe3+ 29. Nf2 Kb7 30. Qxh5 Bd7 31. Qe5 Qf3 32. Qe4+ 1-0